Statistics for Angry Birds

Click here to take the quiz!

General Stats

  • This quiz has been taken 357 times
  • The average score is 6 of 9

Answer Stats

Answer% Correct
Angry Birds
95%
Angry Birds Star Wars
84%
Angry Birds Rio
72%
Angry Birds Space
67%
Angry Birds Seasons
66%
Angry Birds Go!
55%
Angry Birds Star Wars II
54%
Bad Piggies
43%
Angry Birds Friends
31%

Score Distribution

Percentile by Number Answered

Percent of People with Each Score

Your Score History

You have not taken this quiz